LIBRARY & INFORMATION CENTRE, KCAET, TAVANUR

ONLINE PUBLIC ACCESS CATALOGUE (OPAC)

Heat treatment of metals / (Record no. 2273)

MARC details
000 -LEADER
fixed length control field 00394cam a2200157ua 4500
041 ## - LANGUAGE CODE
Language code of text/sound track or separate title eng
082 ## - DEWEY DECIMAL CLASSIFICATION NUMBER
Classification number 671.36
Item number ZAK/HE
100 ## - MAIN ENTRY--AUTHOR NAME
Personal name Zakharov, B .
245 ## - TITLE STATEMENT
Title Heat treatment of metals /
250 ## - EDITION STATEMENT
Edition statement /
260 ## - PUBLICATION, DISTRIBUTION, ETC. (IMPRINT)
Place of publication Moscow :
Name of publisher Foreign Language Publishing House ,
Year of publication 1957.
300 ## - PHYSICAL DESCRIPTION
Number of Pages 295 ; .
942 ## - ADDED ENTRY ELEMENTS (KOHA)
Koha item type Books
Holdings
Withdrawn status Lost status Damaged status Home library Current library Date acquired Full call number Accession Number Koha item type
      KAUAET KAUAET 07/04/2012 671.36 ZAK/HE 3679 Books
      KAUAET KAUAET 23/08/2018 671.36 ZAK/HE 1854 Books
free website counter